| 000 | 01205nam2a2200313 4500 | ||
|---|---|---|---|
| 001 | RU\NLR\DIGIT\513976 | ||
| 005 | 20250806204129.0 | ||
| 035 | _a(NLR Aleph) 010324469 | ||
| 090 |
_a40293 _c40293 |
||
| 100 | _a20250806 rusy50 | ||
| 102 | _aRU | ||
| 110 | _acya|||||||| | ||
| 135 | _acrgn 008apada | ||
| 135 | _acrgn 008apada | ||
| 200 | 1 | _a1942, №15 (24 апр.) | |
| 210 | _d1942 | ||
| 325 | _aКопия доступна в Электрон. б-ке РНБ http://vivaldi.nlr.ru/pn000120170/view | ||
| 461 | 0 |
_1001RU\NLR\DIGIT\513050 _12001#$aЛенинонь знамяц$v1942, №15 (24 апр.) |
|
| 801 | 2 |
_aRU _bNLR _c20140408 _2rusmarc |
|
| 852 |
_aNLR _bН _jМорд.-г./1-7 |
||
| 856 | 0 | _uhttp://vivaldi.nlr.ru/pn000120170/view | |
| 856 | 1 | _uhttp://vivaldi.nlr.ru/pn000120170/cover | |
| 856 | 2 | _uhttp://vivaldi.nlr.ru/pn000120170/text | |
| 942 | _cISSNP | ||
| 945 | _aРоссийская национальная библиотека | ||
| 980 | _aNB | ||
| 980 | _aBV | ||
| 981 | 2 | 3 |
_a(23) Национальные литературы _b(23) Периодические издания на национальных языках |